• 首页
  • 本馆介绍
  • 公告通知
  • 最新文献
  • 馆藏检索
  • 电子资源
  • 读者导购
  • 参考咨询
  • 我的图书馆
  • 登录
  • 详细信息显示
  • 放入我的书架
  • 预约/预借图书
  • 作者相关作品
  • 分类相关作品
  • 丛书相关作品
  • 出版社相关作品

书目信息

  • 表格格式
  • 工作单格式
  • 卡片格式
题名:
上海学生运动史
    
 
作者: ;共青团上海市委 编著
分册:  
出版信息: 上海   上海人民出版社  1983
页数: 198页
开本: 19cm
丛书名:
单 册:
中图分类: D432.9
科图分类:
主题词: 学生运动--历史--中国 , 青年--生活方式--历史--中国 , 中国青年运动--历史
电子资源:
ISBN:
000 00781nam0 2200265 45
001 0183003156
005 20060524100939.42
010    @dCNY0.75
091    @a3074.641
100    @a19950104d1983 em y0chiy0121 ea
101 0  @achi
102    @aCN@b310000
105    @af z 000yy
200 10 @a上海学生运动史@Ashang hai xue sheng yun dong shi@e1945-1949@f共青团上海市委编著@FGong Qing Tuan Shang Hai Shi Wei Bian Zhu
210    @a上海@c上海人民出版社@d1983
215    @a198页@c照片@d19cm
517    @a1945-1949
606 0  @a学生运动@x历史@x中国
606 0  @a青年@x生活方式@x历史@x中国
606    @a中国青年运动@x历史
690    @aD432.9@v3
711 02 @a共青团上海市委@4编著
801  2 @aCN@bNLC@c20060524
801  0 @aCN@b上海图书馆@c20040420
905    @dD432.9@e110
    
    上海学生运动史:1945-1949/共青团上海市委编著.-上海:上海人民出版社,1983
    198页:照片;19cm
    
    
    ISBN :CNY0.75
    
●
相关链接 在E读中查询图书 在五车中查询图书 在当当中查询图书 在豆瓣中查询图书


正题名:上海学生运动史     索取号:D432.9/110         预约/预借

序号 登录号 条形码 馆藏地/架位号 状态 备注
1 0177950   202391009   密集书库/ [索取号:D432.9/110] 在馆    
2 0177951   000481160   密集书库/ [索取号:D432.9/110] 在馆    
3 0177952   000481151   第一样本阅览室/ [索取号:D432.9/110] 在馆    
4 0228765   001838596   密集书库/ [索取号:D432.9/110] 在馆    
5 0228766   001838550   密集书库/ [索取号:D432.9/110] 在馆    
唐山师范学院图书馆 欢迎您!
大连网信软件有限公司© 版权所有